Dinosaur this or that - Statistics

General Stats
  • This quiz has been taken 96 times
  • The average score is 11 of 15
Answer Stats
Question Answer % Correct
The earliest humans were around at the end of the dinosaur age False
89%
This dinosaur was the fastest at 43.5 MPH (70 km/h) Ornithomimus
89%
Jurassic Park accurately depicted the size of the Velociraptor False
83%
Which was the first dinosaur discovered and recognized by science? Megalosaurus
83%
The name of this dinosaur translates to "roof lizard" Stegosaurus
83%
Ankylosaurus was largely omnivorous False
78%
Brachiosaurus is considered a sauropod True
78%
Dinosaur fossils have been found on every continent True
78%
The Cretaceous Period was the third and final period of the Mesozoic Era and had the most species of dinosaurs. True
78%
What did Roy Chapman Andrews discover in Mongolia's Gobi Desert in 1923? The first dinosaur nest
72%
The first scholarly description of a dinosaur bone dates back to 17th century England True
72%
T-rex lived during the Late Jurassic Period False
67%
Members of the clade "Ceratosauria" include Tricertotops False
67%
The blue whale is larger than any dinosaur True
50%
The T-rex had two digits and a partially opposable thumb on each arm False
44%
No matching quizzes found
Score Distribution
Percent of People with Each Score
Percentile by Number Answered
Your Score History
You have not taken this quiz